000 01007nam a22003617a 4500
001 BR0702246
003 BR-BrBNA
005 20230928102411.0
007 ta
008 230509b bl.||||| |||| 00| 0 por d
040 _aBR-BrBNA
_bpor
_cBiblioteca Nacional de Agricultura
041 _a(Por)
072 _aJ11; E16
090 _ J11 BR0702246
110 1 _aCompanhia Nacional de Abastecimento, Brasília, DF (Brasil)
245 1 _aArmazenagem agrícola no Brasil
260 3 _aBrasília, DF (Brasil):
_c2005.
300 _a46 p.
500 _a10 illus.; 9 tables
650 _aAGRONEGÓCIO
650 _aPRODUTO DE ORIGEM VEGETAL
650 _aLOGÍSTICA
650 _aPLANEJAMENTO AGRÍCOLA
650 _aMERCADO
650 _aECONOMIA DA PRODUÇÃO
650 _aARMAZENAMENTO DE ALIMENTO
650 _aESTOCAGEM
650 _aPRODUTIVIDADE
650 _aTECNOLOGIA AGRÍCOLA
650 _aESTATÍSTICA DE PRODUÇÃO
909 _a202309
_bLucia
_c55
_dLucia Elande
942 _cBK
999 _c70583
_d70583